000 00667nam a22001697a 4500
005 20250909141215.0
008 250909b |||||||| |||| 00| 0 eng d
037 _cREF
040 _aAL
_cAL
041 _2pun
_apun
084 _qAL
100 _aਪ੍ਰੇਮ ਪ੍ਰਕਾਸ਼ ਸਿੰਘ
_9820679
245 _aਸੰਸਕ੍ਰਿਤ ਪੰਜਾਬੀ ਕੋਸ਼
260 _aਪਟਿਆਲਾ, ਭਾਰਤ:
_bਪਬਲੀਕੇਸ਼ਨ ਬਿਊਰੋ,
_c1084ਪੰ.
942 _2CC
_cREF
_hO15:4k 153P2
_n0
999 _c1435260
_d1435260